| 000 | 01262cam a22004097a 4500 | ||
|---|---|---|---|
| 003 | CHAP | ||
| 005 | 20220817043835.0 | ||
| 008 | 010323d it rn 00110 spa d | ||
| 010 | _a85785 | ||
| 011 | _a86757 | ||
| 020 | _a9251045704 | ||
| 035 | _a97297 | ||
| 040 | _cCHAP | ||
| 082 | 0 | 4 |
_a631.4 _bF3 V.144 |
| 110 | 2 | _aFAO | |
| 245 | 1 | 0 |
_aSugar processing and by-products of the sugar industry _c/by FAO |
| 260 |
_aRome : _bFAO, _c2001. |
||
| 300 |
_a132 p. ; _bcuadros |
||
| 410 | _aFAO | ||
| 490 | 0 |
_aFAO. Servicios agrícolas _v; 144 |
|
| 590 |
_aBATCH-UPD _b10 _c20130110 _lUCH01 _h0608 |
||
| 590 |
_aBATCH-UPD _b10 _c20130410 _lUCH01 _h0250 |
||
| 590 |
_aBATCH-UPD _b10 _c20130914 _lUCH01 _h0356 |
||
| 590 |
_aCONVERSION _b10 _c20130109 _lUCH01 _h1348 |
||
| 650 | 1 | 4 |
_aAzúcar _xMercadeo. _99164 |
| 650 | 1 | 4 |
_aAzúcar _xProducción. _99171 |
| 650 | 1 | 4 |
_aCaña de azúcar _xIndustria. _918616 |
| 650 | 1 | 3 |
_aIndustria azucarera _957780 |
| 700 | 0 | 0 |
_aArmas Casanova, Carlos. _97161 |
| 700 | 0 | 0 |
_aValdes Delgado, Antonio. _9117255 |
| 810 | 0 | _aFAO | |
| 830 | 0 | 0 |
_aFAO. Servicios agrícolas _v; 144 _939697 |
| 901 | _aBK | ||
| 905 | _aAlejandra Carrasco M. | ||
| 942 | _cLIBRO | ||
| 949 |
_a631.4 F3 v.144 _bBC _cFAO _d33724000864922 _eFAO1 _h102600 _i97297 _sb |
||
| 999 |
_c85785 _d85785 |
||